000 00306nam a22001337a 4500
003 SGT
082 _a616.89
_bT93F
100 _aFLEGENHIMER, WATTERV
245 _aTECHNIQUES OF BRIEF PSYCHOTHERAPY
260 _aLONDON
_bJASON ARNOSN
_c1993
300 _a206
650 _aPSYCHOLOGY
942 _2ddc
_cBK
999 _c13933
_d13933